Duitse steden naar foto - Statistieken

Algemene statistieken
  • Deze quiz is 46 keer genomen
  • De gemiddelde score is 10 van 16
Antwoordstatistieken
Foto Antwoord % Correct
München
95%
Berlijn
93%
Hamburg
90%
Frankfurt am Main
88%
Keulen
88%
Dortmund
70%
Dusseldorf
70%
Bremen
68%
Stuttgart
65%
Trier
55%
Koblenz
45%
Lübeck
43%
Neurenberg
33%
Duisburg
23%
Oberhausen
20%
Cochem
15%
Geen overeenkomende quizzen gevonden
Scoreverdeling
Procent van Mensen met Elke Score
Percentiel versus Aantal Correcte Antwoorden
Uw Scoregeschiedenis
U heeft deze quiz nog niet genomen